| 000 | 00598nam a2200241Ia 4500 | ||
|---|---|---|---|
| 003 | OSt | ||
| 005 | 20221007100218.0 | ||
| 006 | a|||||r|||| 00| 0 | ||
| 007 | ta | ||
| 008 | 221006b |||||||| |||| 00| 0 eng d | ||
| 024 | _a3,994 | ||
| 037 | _cTextual | ||
| 040 |
_aLCO _cLCO _beng |
||
| 041 |
_2eng _aeng |
||
| 082 | _aX:97D.2, M4 | ||
| 100 |
_aSOOD S _9701376 |
||
| 245 | 0 | _aTrade union leadership in India. | |
| 260 |
_aDelhi _bDeep & Deep _c1984 |
||
| 300 | _a262 | ||
| 650 | _aTRADE UNION. | ||
| 942 |
_hX:97D.2, M4 _cTEXL |
||
| 999 |
_c1173557 _d1173557 |
||